MARC

LEADER 00000nam^a2200000^a^4500
001 000168711
005 20250521000000.0
009 20260310101211.825
037 |a Acervo ITESO - Biblioteca 
041 |a ESP 
090 |a RIT. 62 
100 |a Pérez Isunza, Marcela Paola  |e (autor) 
245 1 0 |a Coordinador del certificado de especialidad en administración gubernamental del ITESM para la SAGARPA /  |c M.P. Pérez Isunza. 
264 |a Guadalajara, México :  |b edición de autor,  |c 2004 
300 |a 1 disco compacto de computadora 
336 |a datos para computadora  |b cod  |2 rdacontenido 
337 |a computadora  |b c  |2 rdamedio 
338 |a disco de computadora  |b cd  |2 rdasoporte 
502 |a ITESO Reporte Profesional de Licenciatura en Relaciones Internacionales 
649 |a XX 
650 |a Congresos y Convenciones (Organización) 
650 |a Administración Pública -  |x Estudio y Enseñanza 
650 |a Universidades Privadas -  |z Guadalajara, Jalisco 
650 |a Universidades Privadas -  |z Jalisco 
650 |a Universidades Privadas -  |z México 
650 |a Universidades -  |z Guadalajara, Jalisco 
650 |a Universidades -  |z Jalisco 
650 |a Universidades -  |z México 
650 |a Instituciones Educativas -  |z Guadalajara, Jalisco 
650 |a Instituciones Educativas -  |z Jalisco 
650 |a Instituciones Educativas -  |z México 
650 |a Educación Superior -  |z Guadalajara, Jalisco 
650 |a Educación Superior -  |z Jalisco 
650 |a Educación Superior -  |z México 
650 |a Educación -  |z Guadalajara, Jalisco 
650 |a Educación -  |z Jalisco 
650 |a Educación -  |z México 
650 |a Planeación Administrativa 
650 |a Proceso Administrativo 
650 |a Formación y Capacitación Laboral 
650 |a Recursos Humanos 
650 |a Administración 
910 |a Fondo General 
920 |a Electrónicos - Tesis del ITESO en Disco 
905 |a 202 
901 |a 0500283934  |b IT2  |c STS  |u 20250521 
902 |a https://opac.biblio.iteso.mx/vufind/Record/000168711